|
|
|
|
| LEADER |
00700nam a22001932a 4500 |
| 001 |
001732158 |
| 003 |
CZ BrMZK |
| 005 |
20200710135846.0 |
| 007 |
ta |
| 008 |
200224s1964 xo er|||||||||||slo d |
| 040 |
|
|
|a OLA001
|b cze
|d BOA001
|
| 100 |
1 |
|
|a Rusnák, Igor,
|d 1936-2021
|7 ola2002153181
|4 aut
|
| 245 |
1 |
0 |
|a Krok do tmy :
|b hra v 3 dejstvách s prológom a trochu i s epilógom : (nová, prepracovaná verzia) /
|c Igor Rusnák
|
| 260 |
|
|
|a Bratislava :
|b Slovenské divadelné a literárne zastupiteľstvo,
|c 1964
|
| 300 |
|
|
|a 59 s.
|
| 910 |
|
|
|a BOA001
|b X2-0504.231-64
|
| 990 |
|
|
|a BK
|
| 991 |
|
|
|b 202002
|
| 996 |
7 |
|
|b 2618869673
|c X2-0504.231-64
|l MZK
|r Sklad / do 24 hodin
|n 0
|w 001783872
|u 000010
|a 1
|e BOA001
|j MZK50
|s A
|